Statistics for Famous Firsts #2

Click here to take the quiz!

General Stats

  • This quiz has been taken 71,865 times
    (37,504 since last reset)
  • The average score is 12 of 22

Answer Stats

First...Answer% Correct
Black U.S. PresidentBarack Obama
100%
English universityOxford
92%
Modern Olympics host cityAthens
85%
Woman in the BibleEve
85%
Leader of the Soviet UnionV.I. Lenin
77%
Harry Potter bookHarry Potter and the
{Philosopher}'{s} {Stone}
75%
Woman to win a Nobel PrizeMarie Curie
74%
Person to fly an airplaneOrville Wright
74%
Pixar movieToy Story
68%
Person to die in the BibleAbel
62%
Disease to be completely eradicatedSmallpox
59%
FIFA World Cup winnerUruguay
54%
Norman King of EnglandWilliam the Conqueror
53%
Russian President to be elected
democratically
Boris Yeltsin
44%
Leader of the Academy of AthensPlato
42%
Sign of the zodiacAries
39%
Englishman to circumnavigate the globeFrancis Drake
34%
Canadian National ParkBanff
32%
Female Prime Minister of IsraelGolda Meir
31%
Hebrew letterAleph
25%
City with a stock exchangeAmsterdam
24%
Beatles albumPlease Please Me
13%

Score Distribution

Percentile by Number Answered

Percent of People with Each Score

Your Score History

You have not taken this quiz since the last reset